000
00219 a2200097 4500
001
6336
100
_a
Stein, D.K
245
_a
Calculus in the first three dimensions
260
_a
_b
McGraw-Hill
_c
090
_c
5212
_d
5212
942
_a
NUST-CAE
_c
M
_c
31615
999
_c
241409
_d
241409